La Pandemia del VIH SIDA
محفوظ في:
| التنسيق: | نص |
|---|---|
| الموضوعات: | |
| الوسوم: |
إضافة وسم
لا توجد وسوم, كن أول من يضع وسما على هذه التسجيلة!
|
MARC
| LEADER | 00000 a a2200000 04500 | ||
|---|---|---|---|
| 001 | 6697 | ||
| 003 | |||
| 040 | |||
| 245 | |a La Pandemia del VIH SIDA | ||
| 650 | |a DESASTRES | ||
| 650 | |a AMERICA CENTRAL | ||
| 773 | |g volumen 24, número 1068; páginas 13-14 | ||
| 999 | |c 27375 |d 27375 | ||
